000 00527nam a2200145 i 4500
001 26787
003 ES-MaACL
007 t|
008 030110s1954 sp ||||1| spa d
245 0 0 _aArrendamientos rústicos
_b: contiene la legislación reguladora de la relación arrendaticia, tanto común como especial... /
_cSalvador Bernal Martín... [et al.].
260 _a[Madrid] :
_bVictoriano Suárez,
_c1954.
300 _a211 p. ;
_c17 cm.
700 1 _aBernal Martín, Salvador.
_928197
852 _aES-MaACL
_jC-7424
_bR.35825
999 _c26787
_d26787